|
|
|
|
| LEADER |
04378nam a22005415i 4500 |
| 001 |
978-3-540-95853-6 |
| 003 |
DE-He213 |
| 005 |
20151030021547.0 |
| 007 |
cr nn 008mamaa |
| 008 |
100623s2010 gw | s |||| 0|eng d |
| 020 |
|
|
|a 9783540958536
|9 978-3-540-95853-6
|
| 024 |
7 |
|
|a 10.1007/978-3-540-95853-6
|2 doi
|
| 040 |
|
|
|d GrThAP
|
| 050 |
|
4 |
|a QE701-760
|
| 072 |
|
7 |
|a RBX
|2 bicssc
|
| 072 |
|
7 |
|a SCI054000
|2 bisacsh
|
| 082 |
0 |
4 |
|a 560
|2 23
|
| 245 |
1 |
0 |
|a Morphometrics for Nonmorphometricians
|h [electronic resource] /
|c edited by Ashraf M.T. Elewa.
|
| 264 |
|
1 |
|a Berlin, Heidelberg :
|b Springer Berlin Heidelberg :
|b Imprint: Springer,
|c 2010.
|
| 300 |
|
|
|a XI, 367 p. 104 illus.
|b online resource.
|
| 336 |
|
|
|a text
|b txt
|2 rdacontent
|
| 337 |
|
|
|a computer
|b c
|2 rdamedia
|
| 338 |
|
|
|a online resource
|b cr
|2 rdacarrier
|
| 347 |
|
|
|a text file
|b PDF
|2 rda
|
| 490 |
1 |
|
|a Lecture Notes in Earth Sciences,
|x 0930-0317 ;
|v 124
|
| 505 |
0 |
|
|a and Historical Review of the Subject -- Why Morphometrics? -- Morphometrics: An Historical Essay -- Methodological Approach (Quantification and Visualization of Shape, and Traditional and Geometric Morphometrics) -- Controlling for Curvature in the Quantification of Leaf Form -- Discriminating Groups of Organisms -- Visual Analysis in Archaeology. An Artificial Intelligence Approach -- Evolution of the Upper Cretaceous Oysters: Traditional Morphometrics Approach -- Applications -- Combining Shape Data and Traditional Measurements with the 2B-PLS: Testing the Covariation Between Avian Brain Size and Cranial Shape Variation as an Example -- Biogeographic Analysis Using Geometric Morphometrics: Clines in Skull Size and Shape in a Widespread African Arboreal Monkey -- Stock Identification of Marine Populations -- Correlating Shape Variation with Feeding Performance to Test for Adaptive Divergence in Recently Invading Stickleback Populations from Swiss peri-alpine Environments -- Macroevolutionary Trends in the Skull of Sauropodomorph Dinosaurs – The Largest Terrestrial Animals to Have Ever Lived -- The Use of Geometric Morphometrics in Studying Butterfly Wings in an Evolutionary Ecological Context -- Towards Automating Artifact Analysis: A Study Showing Potential Applications of Computer Vision and Morphometrics to Artifact Typology -- Morphometric Analysis Applied to the Archaeological Pottery of the Valley of Guadalquivir -- Some Applications of Geometric Morphometrics to Archaeology -- Scope to the Future of Morphometrics -- Prospectus: The Future of Morphometrics -- Morphometrics and Cosmology: Short Note and Future Hope -- Morphometrics in Past: Integrating Morphometrics with General Data Analysis Software.
|
| 520 |
|
|
|a Morphometrics is concerned with the study of variations and change in the form (size and shape) of organisms or objects adding a quantitative element to descriptions and thereby facilitating the comparison of different objects and organisms. This volume provides an introduction to morphometrics in a clear and simple way without recourse to complex mathematics and statistics. This introduction is followed by a series of case studies describing the variety of applications of morphometrics from paleontology and evolutionary ecology to archaeological artifacts analysis. This is followed by a presentation of future applications of morphometrics and state of the art software for analyzing and comparing shape.
|
| 650 |
|
0 |
|a Earth sciences.
|
| 650 |
|
0 |
|a Paleontology.
|
| 650 |
|
0 |
|a Computer graphics.
|
| 650 |
|
0 |
|a Animal anatomy.
|
| 650 |
|
0 |
|a Applied mathematics.
|
| 650 |
|
0 |
|a Engineering mathematics.
|
| 650 |
|
0 |
|a Statistics.
|
| 650 |
1 |
4 |
|a Earth Sciences.
|
| 650 |
2 |
4 |
|a Paleontology.
|
| 650 |
2 |
4 |
|a Animal Anatomy / Morphology / Histology.
|
| 650 |
2 |
4 |
|a Statistics for Engineering, Physics, Computer Science, Chemistry and Earth Sciences.
|
| 650 |
2 |
4 |
|a Applications of Mathematics.
|
| 650 |
2 |
4 |
|a Computer Imaging, Vision, Pattern Recognition and Graphics.
|
| 700 |
1 |
|
|a Elewa, Ashraf M.T.
|e editor.
|
| 710 |
2 |
|
|a SpringerLink (Online service)
|
| 773 |
0 |
|
|t Springer eBooks
|
| 776 |
0 |
8 |
|i Printed edition:
|z 9783540958529
|
| 830 |
|
0 |
|a Lecture Notes in Earth Sciences,
|x 0930-0317 ;
|v 124
|
| 856 |
4 |
0 |
|u http://dx.doi.org/10.1007/978-3-540-95853-6
|z Full Text via HEAL-Link
|
| 912 |
|
|
|a ZDB-2-EES
|
| 950 |
|
|
|a Earth and Environmental Science (Springer-11646)
|